About the equality ombudsman
שמור ב:
| מחבר תאגידי: | |
|---|---|
| פורמט: | ספר |
| שפה: | אנגלית |
| יצא לאור: |
Stoccolma
Diskriminerings Ombudsmannen
2009
|
| תגים: |
אין תגיות, היה/י הראשונ/ה לתייג את הרשומה!
|
MARC
| LEADER | 00000nam a2200000 4500 | ||
|---|---|---|---|
| 005 | 20240605184444.0 | ||
| 008 | 240605b |||||||| |||| 00| 0 eng d | ||
| 040 | |c GP | ||
| 110 | |a Diskriminerings Ombudsmannen | ||
| 245 | |a About the equality ombudsman | ||
| 260 | |a Stoccolma |b Diskriminerings Ombudsmannen |c 2009 | ||
| 942 | |2 ddc |c BK |n 0 | ||
| 952 | |0 0 |1 0 |2 ddc |4 0 |6 323_409400000000000_DIS |7 1 |9 1365 |a RM |b RM |d 2024-06-05 |l 0 |o 323.4094 DIS |p 201 |r 2024-06-05 18:45:05 |w 2024-06-05 |y BK | ||
| 999 | |c 1255 |d 1255 | ||